| 000 | 01368nam0a2200349 i 4500 | ||
|---|---|---|---|
| 001 | RU\NLR\BIBL_A\010004713 | ||
| 005 | 20241114174729.0 | ||
| 010 |
_a9785699659340 _93000 |
||
| 021 |
_aRU _b2013-75905 _9553д/13 |
||
| 035 | _a(NILC)RuMoRGB-006677240 | ||
| 035 | _a(NLR Aleph) 010004713 | ||
| 090 |
_a9817795 _c9817795 |
||
| 100 | _a20131118d2013 km y0rusy50 ca | ||
| 101 | 1 |
_arus _ceng |
|
| 102 | _aRU | ||
| 105 | _aa|||||||||||| | ||
| 200 | 1 |
_aФараон _fКарин Эссекс _g[пер. с англ. О. Степашкиной] |
|
| 210 |
_aМосква _cЭксмо _d2013 |
||
| 215 |
_a601, [2] с. _cил., карты _d21 см |
||
| 225 | 1 |
_aКамея _eколлекция историй о любви |
|
| 600 | 0 |
_aКлеопатра _cцарица египетская _f69 - 30 до н.э. _xв художественной литературе _92098515 _3RU\NLR\AUTH\661269454 |
|
| 606 |
_aЕгипет Древний, 1 в. до н. э. (х. л.) _2RuMoRKP |
||
| 606 |
_aИсторические романы и рассказы (х. л.) _2RuMoRKP |
||
| 675 | _a821.111(73)-31 | ||
| 686 | 1 | _aШ6(7США)67-442(Лх1979-51) | |
| 700 | 1 |
_aЭссекс _bК. _gКарин |
|
| 801 | 0 |
_aRU _bRuMoRKP _c20110214 _gRCR |
|
| 801 | 2 |
_aRU _bРГБ _c20131011 _grcr |
|
| 801 | 1 |
_aRU _bRuMoRKP _c20110214 _2rusmarc |
|
| 942 | _cBOOK | ||
| 980 | _aNBR | ||